00591nam a22001697a 450000500170000001000130001702000100003003500130004003700140005308200070006710000310007424500930010524600970019826000490029527000570034430000200040120200221152627.0 aB-123233 c80.00 aB-123233 bBPPD/Pub. aک aسعادت حسن منٹو aخوشیا:bکولیات منٹو-افسانے، جلد 6 /cسعادت حسن منٹو aKhushya (Kulliyat-e-Manto-Afsane, vol.6) /bby Saadat Hasan Manto ; edited by Humayun Ashraf aDelhibEducational Publishing Housec2005 ء a3108, Vakil Street, Kucha Pandit, Lal KuanbDelhie6 a124p.c21cm(Hb)